| 000 | 00514nam a2200205 a 4500 | ||
|---|---|---|---|
| 001 | 84175 | ||
| 003 | BD-RjUL | ||
| 005 | 20241028115303.0 | ||
| 008 | 241028s1909 enk||||| |||| 00| 0 eng d | ||
| 035 | _a(BD-RjUL)84175 | ||
| 040 |
_aBD-RjUL _beng _cBD-RjUL |
||
| 041 | _aeng | ||
| 082 |
_223 _a823 _bBRS 1909 |
||
| 100 | _aBrenda | ||
| 245 |
_aThe secret terror / _cBrenda |
||
| 260 |
_aLondon : _bStanley paul & co., _c1909 |
||
| 300 |
_a397 p.; _c20 cm. |
||
| 650 |
_a English fiction _913952 |
||
| 942 |
_2ddc _cBK |
||
| 999 |
_c84175 _d84175 |
||